01447nam a22001697a 4500003000900000005001700009008004100026040001300067100005100080245006600131250000600197260002000203300002000223490006100243500005500304520091800359IT-RoPau20220918175936.0121206b xxu||||| |||| 00| 0 eng d cIT-RoPau aAlberione GiacomoqFondatore Famiglia Paolina  aGiacomo Alberione un uomo, un idea.bVolume Secondo 1923-1945 aI aRomabSSPc1988 a270 p.c21,2 cm aArchivio Storico Generale della Famiglia Paolinav2° v. aVITA E OPERE del Fondatore della Famiglia Paolina aINDICE Chi è Don Giacomo Alberione? Indole, scopo e limiti di questa biografia Spiegazione di alcune Sigle Capitolo I. L' IDEA INIZIALE SI CHIARIFICA E CONCRETIZZA Capitolo II LA SOFFERENZA LINFA NECESSARIA PER LA CRESCITA Capitolo III MERAVIGLIOSO MOLTIPLICARSI DI INIZIATIVE APOSTOLICHE Capitolo IV LA PIA SOCIETA' SAN PAOLO ERETTA IN CONGREGAZIONE RELIGIOSA Capitolo V LE FIGLIE DI SAN PAOLO DIVENTANO CONGREGAZIONE RELIGIOSA Capitolo VI IL PAOLINO PREDICA IL VANGELO CON LA SUA REDAZIONE Capitolo VII IL PAOLINO PREDICA IL VANGELO CON LA SUA REDAZIONE Capitolo VII VOLERE O NO IL MONDO E' NOSTRO Capitolo VIII ANDATE NEL MONDO A PREDICARE IL VANGELO Capitolo IX FARE FUOCO CON LA LEGNA VERDE Capitolo X LA DIFFICILE PROVA DELLA GUERRA Capitolo XI SI GIUNGE ALLA PRIMA APPROVAZIONE PONTIFICIA Capitolo XII FERVORE GIOVANILE DI DON ALBERIONE SESSANTENNE Indice generale del secondo volume